Tsunami Science and Engineering (Record no. 9533)
[ view plain ]
| 000 -LEADER | |
|---|---|
| fixed length control field | 00586nam a2200109Ia 4500 |
| 008 - FIXED-LENGTH DATA ELEMENTS--GENERAL INFORMATION | |
| fixed length control field | 220615s9999||||xx |||||||||||||| ||und|| |
| 245 #0 - TITLE STATEMENT | |
| Title | Tsunami Science and Engineering |
| 546 ## - LANGUAGE NOTE | |
| Language note | English[eng] |
| 650 ## - SUBJECT ADDED ENTRY--TOPICAL TERM | |
| Topical term or geographic name entry element | Long wave run-up||Tsunami hazard assessment||Tsunami early warning system||Tsunami forecasting||Tsunami loading on structures||Tsunami hazard mitigation||Seismic tsunamis||Tsunami-induced overland flow||Earthquake-tsunamis||Landslide-tsunamis||Landslide-generated impulse waves||Solitary waves||Impulse waves |
| 856 ## - ELECTRONIC LOCATION AND ACCESS | |
| Uniform Resource Identifier | <a href="http://www.mdpi.com/books/pdfview/book/209">http://www.mdpi.com/books/pdfview/book/209</a> |
| 942 ## - ADDED ENTRY ELEMENTS (KOHA) | |
| Koha item type | E-Books |
| Withdrawn status | Lost status | Damaged status | Not for loan | Home library | Current library | Date acquired | Total Checkouts | Date last seen | Price effective from | Koha item type |
|---|---|---|---|---|---|---|---|---|---|---|
| Kerala University of Digital Sciences, Innovation and Technology Knowledge Centre | Kerala University of Digital Sciences, Innovation and Technology Knowledge Centre | 15/06/2022 | 15/06/2022 | 15/06/2022 | E-Books |